| 000 | 00739nam a2200205 a 4500 | ||
|---|---|---|---|
| 008 | 120416s1996 ||||||||||||||||| || u | ||
| 020 | _a0521398436 | ||
| 050 | _aQK 910 Baz | ||
| 100 | _aBazzaz, F. A | ||
| 245 | 1 | 0 | _aPlants in changing environments; linking physiological, population, and community ecology |
| 260 |
_aCambridge _bCambridge University Press _c1996. |
||
| 300 | _aix, 320 p. : ill. | ||
| 350 | _a0.00 | ||
| 500 | _aBibliography. | ||
| 650 | _aPlant succession | ||
| 650 | 0 | _aPLANT ECOLOGY | |
| 650 | _aPLANTS | ||
| 650 | _aVegetation dynamics | ||
| 995 |
_D0.00 _FCBU-MAIN LIBRARY (Kitwe) _H1 _I7.00 _M1 _UAVAILABLE _WJun 7, 2006 _ZMain Library Open Access Collection |
||
| 999 |
_c53772 _d53772 |
||